000 00650nam a2200229 i 4500
001 C2-0309101
003 PPAK
005 20180728100049.0
008 110525s1992 my a|||| ||||| | eng d
020 _a9836233849
040 _aPPAK
_beng
_cPPAK
_erda
082 0 4 _a305.8992
_223
090 0 0 _a305.8992
_bSEA
_dKMI
245 0 4 _aThe sea dyaks and other races of Sarawak
264 1 _aKuala Lumpur :
_bDewan Bahasa dan Pustaka ,
_c1992
300 _axiii, 362 pages :
_billustrations ;
_c21 cm
336 _2rdacontent
_atext
337 _2rdamedia
_aunmediated
338 _2rdacarrier
_avolume
650 1 0 _aRaces - Sarawak
942 _ddc
_cB
999 _c111654
_d111654